Advisory services rise again at large audit firms: (Record no. 16031)
[ view plain ]
| 000 -LEADER | |
|---|---|
| fixed length control field | 00648nam a2200157 4500 |
| 008 - FIXED-LENGTH DATA ELEMENTS--GENERAL INFORMATION | |
| fixed length control field | 210209b ||||| |||| 00| 0 eng d |
| 022 ## - INTERNATIONAL STANDARD SERIAL NUMBER | |
| International Standard Serial Number | 0732-8435 |
| 082 ## - DEWEY DECIMAL CLASSIFICATION NUMBER | |
| Classification number | DPer 657.05 C33 Feb - Aug 2012, v. 82 |
| 100 ## - MAIN ENTRY--PERSONAL NAME | |
| Personal name | Dey, R. Mithu. |
| 9 (RLIN) | 42984 |
| 245 ## - TITLE STATEMENT | |
| Title | Advisory services rise again at large audit firms: |
| Remainder of title | like a phoenix, revenues reborn amid renewed concerns/ |
| Statement of responsibility, etc. | R. Mithu Dey, Ashok Robin and Daniel Tessoni. |
| 260 ## - PUBLICATION, DISTRIBUTION, ETC. (IMPRINT) | |
| Place of publication, distribution, etc. | New York: |
| Name of publisher, distributor, etc. | The New York State Society of CPA, |
| Date of publication, distribution, etc. | ©2012. |
| 300 ## - PHYSICAL DESCRIPTION | |
| Extent | v82 n8, pages 58-67: |
| Other physical details | v82 n8, pages 32-35: |
| Dimensions | 28 cm. |
| 700 ## - ADDED ENTRY--PERSONAL NAME | |
| Personal name | Robin, A. |
| Relator term | Author. |
| 9 (RLIN) | 42985 |
| 700 ## - ADDED ENTRY--PERSONAL NAME | |
| Personal name | Tessoni, D. |
| Relator term | Author. |
| 9 (RLIN) | 42986 |
| 942 ## - ADDED ENTRY ELEMENTS (KOHA) | |
| Source of classification or shelving scheme | Dewey Decimal Classification |
| Koha item type | Periodicals |
| Withdrawn status | Lost status | Source of classification or shelving scheme | Damaged status | Not for loan | Collection code | Home library | Current library | Date acquired | Total Checkouts | Full call number | Date last seen | Price effective from | Koha item type | Public note |
|---|---|---|---|---|---|---|---|---|---|---|---|---|---|---|
| Dewey Decimal Classification | Periodicals | UM Digos College - LIC | UM Digos College - LIC | 02/09/2021 | DPer 657.05 C33 Feb - Aug 2012, v. 82 | 02/09/2021 | 02/09/2021 | Periodicals | Periodical article |
